Segunda carta de San Pablo a los Tesalonicenses y carta a los Filipenses

Uloženo v:
Podrobná bibliografie
Hlavní autor: Martín Sánchez, Benjamín (autor)
Médium: Kniha
Jazyk:španělština
Vydáno: Madrid Paulinas 1960
Edice:La Santa Biblia Explicada, 2
Témata:
Tagy: Přidat tag
Žádné tagy, Buďte první, kdo vytvoří štítek k tomuto záznamu!

MARC

LEADER 00000nam a2200000 a 4500
001 UCL1511
003 CL-VaPUC
008 030911e19600000SP |||||||||||||||||spa|d
082 0 4 |a 227.6  |b MAR  |2 21 
100 |a Martín Sánchez, Benjamín  |e autor  |9 478404 
245 1 0 |a Segunda carta de San Pablo a los Tesalonicenses y carta a los Filipenses 
300 |a 48 p 
942 |c BK 
945 |d 20030911 00:00:00  |a vberengu 
260 |a Madrid  |b Paulinas  |c 1960 
600 0 |a Pablo de Tarso, Santo  |9 321163 
650 0 |a Biblia  |9 257603 
650 0 |a Nuevo testamento  |9 257604 
650 7 |a CARTAS PAULINAS  |2 CL-VaPUC  |9 411151 
650 0 |a Epístolas  |9 321181 
650 7 |a CARTAS A LOS TESALONICENSES  |2 CL-VaPUC  |9 478405 
650 7 |a CARTAS A LOS FILIPENSES  |2 CL-VaPUC  |9 478406 
583 |a last modification  |c 20030911 00:00:00  |k Rodrigo Vera 
490 0 |a La Santa Biblia Explicada, 2 
999 |c 305047  |d 305045 
952 |0 0  |1 0  |4 0  |6 227_600000000000000_MAR_1960  |7 0  |8 A  |9 367989  |a BIBTEO  |b BIBTEO  |d 2019-11-21  |i 2077248  |o 227.6 MAR 1960  |p 2077248  |r 2025-01-17  |w 2019-11-21  |y BK  |k ICR